| 000 | 00911cam a2200145ua 4500 | ||
|---|---|---|---|
| 041 |
_aeng _h |
||
| 082 |
_a621.928 _bIND/SP |
||
| 110 | 1 |
_aIdian standards institution . _bISI _c() |
|
| 245 |
_aSpecification for test sieves :part-2 perforated plate test sieves,IS:460-1985 / _cIndian standards institution. _hTextual Documents |
||
| 260 |
_a : _bISI , _c1985. |
||
| 300 | _a14 ; . | ||
| 504 | _a | ||
| 942 | _cBK | ||
| 999 |
_c4343 _d4343 |
||